Statistics for Barelona FC scorers in La Liga 2016-17

Click here to take the quiz!

General Stats

  • This quiz has been taken 48 times
  • The average score is 10 of 15

Answer Stats

GoalsAnswer% Correct
37Messi
100%
13Neymar
100%
1 | 29Suarez
98%
2Pique
88%
8Rakitic
86%
1Alba
81%
1Mascherano
60%
1Umtiti
58%
3Gomes
47%
6Paco
37%
1Mathieu
37%
6Rafinha
35%
3Arda
26%
2Vidal
26%

Score Distribution

Percentile by Number Answered

Percent of People with Each Score

Your Score History

You have not taken this quiz